Times por Escudo - Série A (Italia) 23/24 - Statistics

Estatísticas Gerais
  • Esse quiz foi jogado 435 vezes
  • A pontuação média é 16 de 20
Estatísticas das Respostas
Imagem Resposta % Correto
Torino
95%
Lazio
94%
Atalanta
93%
Fiorentina
93%
Internazionale
93%
Juventus
93%
Napoli
93%
Milan
92%
Roma
92%
Bologna
86%
Udinese
82%
Sassuolo
81%
Genoa
78%
Cagliari
71%
Monza
69%
Verona
66%
Lecce
62%
Empoli
56%
Salernitana
56%
Frosinone
43%
Nenhum quiz correspondente encontrado
Distribuição das Pontuações
Porcentagem de Pessoas com Cada Pontuação
Percentil de Números Respondidos
Sua Pontuação Histórica
Você não jogou esse quiz